| 000 | 01489nam a22002537a 4500 | ||
|---|---|---|---|
| 003 | AR-RoUNCS | ||
| 005 | 20251003114907.0 | ||
| 008 | 251003r2012 ag bed||r||||l00| 0 spa d | ||
| 020 | _a978-987-21919-5-5 | ||
| 040 |
_aAR-RoUNCS _cAR-RoUNCS |
||
| 080 | _0352:821.6 | ||
| 245 | 0 | 0 |
_aRosario : _bmetrópolis y región. |
| 250 | _a1a ed. | ||
| 260 |
_aRosario : _bInstituto de Desarrollo Regional Rosario, _c2022. |
||
| 300 |
_a173 p. : _bil. ; _c26 cm. |
||
| 490 | 0 | _aCiclo 2022 | |
| 505 | 2 | _aSección 1 : Rosario, cabecera de una región metropolitana, eje vertebrador de la región centro y nodo de comunicaciones del Mercosur -- Sección 2 : Panel I "Rosario metropolitano : comunidad logística del Mercosur" / Juan Antonio Basadonna ; Martin Sgut. Panel II "Perfil competitivo de la región : polo de especializacion agroalimentaria" / Ernesto Liboreiro ; Daniel Costamagna ; Carlos Abalo. Panel III "Nueva institucionalidad para el desarrollo : Agencia Regional de Desarrollo" / Joaquim Teixeira Rivas ; Oscar Madoery. Panel IV "Nuevas instancias de gestión pública regional : Ente de Coordinación Metropolitana" / Antonio María Hernández; Isabel Martínez de San Vicente ; Héctor Floriani ; Gualberto Venesia -- Sección 3 : Estudio de opinión -- Referencias bibliográficas. | |
| 650 | 4 | _aROSARIO | |
| 650 | 4 | _aURBANISMO | |
| 650 | 4 | _aECONOMÍA | |
| 650 | 4 | _aDESARROLLLO DE LA COMUNIDAD | |
| 710 | 1 |
_aRosario. _bInstituto de Desarrollo Regional. |
|
| 942 |
_2udc _cOG _n0 |
||
| 999 |
_c635 _d635 |
||